Chalcogenide photovoltaics : (Record no. 355728)

000 -LEADER
fixed length control field 01209cam a22003497a 4500
001 - CONTROL NUMBER
control field 17401198
003 - CONTROL NUMBER IDENTIFIER
control field USPCAS-E
005 - DATE AND TIME OF LATEST TRANSACTION
control field 20180118181411.0
008 - FIXED-LENGTH DATA ELEMENTS--GENERAL INFORMATION
fixed length control field 120725s2011 gw a b 001 0 eng
010 ## - LIBRARY OF CONGRESS CONTROL NUMBER
LC control number 2012357276
020 ## - INTERNATIONAL STANDARD BOOK NUMBER
International Standard Book Number 9783527314591 (hbk. : alk. paper)
035 ## - SYSTEM CONTROL NUMBER
System control number (OCoLC)ocn664325819
040 ## - CATALOGING SOURCE
Original cataloging agency UKM
Transcribing agency UKM
Modifying agency YDXCP
-- NUI
-- OHX
-- INU
-- UKMGB
-- BDX
-- DLC
042 ## - AUTHENTICATION CODE
Authentication code lccopycat
050 00 - LIBRARY OF CONGRESS CALL NUMBER
Classification number TK8322
Item number .S34 2011
082 04 - DEWEY DECIMAL CLASSIFICATION NUMBER
Classification number 621.38152
Edition number 22
Author Mark SCH-C 2011
100 1# - MAIN ENTRY--PERSONAL NAME
Personal name Scheer, Roland.
245 10 - TITLE STATEMENT
Title Chalcogenide photovoltaics :
Remainder of title physics, technologies, and thin film devices /
Statement of responsibility, etc. Roland Scheer and Hans-Werner Schock.
260 ## - PUBLICATION, DISTRIBUTION, ETC.
Place of publication, distribution, etc. Weinheim, Germany :
Name of publisher, distributor, etc. Wiley-VCH,
Date of publication, distribution, etc. c2011.
300 ## - PHYSICAL DESCRIPTION
Extent xv, 368 p. :
Other physical details ill. ;
Dimensions 25 cm.
502 ## - DISSERTATION NOTE
Dissertation note 0
504 ## - BIBLIOGRAPHY, ETC. NOTE
Bibliography, etc. note Includes bibliographical references (p. 321-360) and index.
650 #0 - SUBJECT ADDED ENTRY--TOPICAL TERM
Topical term or geographic name entry element Photovoltaic cells
General subdivision Materials.
650 #0 - SUBJECT ADDED ENTRY--TOPICAL TERM
Topical term or geographic name entry element Chalcogenides.
650 #0 - SUBJECT ADDED ENTRY--TOPICAL TERM
Topical term or geographic name entry element Compound semiconductors.
650 #0 - SUBJECT ADDED ENTRY--TOPICAL TERM
Topical term or geographic name entry element Thin films.
650 #0 - SUBJECT ADDED ENTRY--TOPICAL TERM
Topical term or geographic name entry element Heterojunctions.
700 1# - ADDED ENTRY--PERSONAL NAME
Personal name Schock, H. W.
Fuller form of name (Hans-Werner)
906 ## - LOCAL DATA ELEMENT F, LDF (RLIN)
a 7
b cbc
c copycat
d 2
e ncip
f 20
g y-gencatlg
942 ## - ADDED ENTRY ELEMENTS (KOHA)
Source of classification or shelving scheme
Koha item type Book
Holdings
Withdrawn status Lost status Source of classification or shelving scheme Damaged status Not for loan Collection code Permanent Location Current Location Shelving location Date acquired Source of acquisition Cost, normal purchase price Total Checkouts Full call number Barcode Date last seen Price effective from Koha item type
            US-Pakistan Center for Advanced Studies in Energy (USPCAS-E) US-Pakistan Center for Advanced Studies in Energy (USPCAS-E)   12/09/2015 Victoria Co. 10920.00   621.38152 SCH-C 2011 CAS-E0000744 12/09/2015 12/09/2015 Book
© 2023 Central Library, National University of Sciences and Technology. All Rights Reserved.